Loading...
| Current Events | 2 | 15.00 | 100% | 50% | 0% |
| Fine Arts - Auditory Fine Arts | 7 | 10.00 | 86% | 14% | 0% |
| Fine Arts - Other Fine Arts | 6 | 10.00 | 100% | 0% | 0% |
| Fine Arts - Visual Fine Arts | 10 | 13.00 | 100% | 30% | 0% |
| Geography | 1 | 10.00 | 100% | 0% | 0% |
| History - American History | 8 | 13.75 | 100% | 38% | 0% |
| History - European History | 7 | 12.86 | 100% | 29% | 0% |
| History - Other History | 7 | 12.86 | 86% | 43% | 0% |
| History - World History | 6 | 21.67 | 100% | 67% | 50% |
| Literature - American Literature | 4 | 17.50 | 100% | 50% | 25% |
| Literature - British Literature | 7 | 11.43 | 86% | 29% | 0% |
| Literature - European Literature | 2 | 15.00 | 100% | 50% | 0% |
| Literature - World Literature | 5 | 22.00 | 100% | 80% | 40% |
| Mythology | 5 | 22.00 | 100% | 100% | 20% |
| Other Academic | 1 | 10.00 | 100% | 0% | 0% |
| Philosophy | 4 | 15.00 | 100% | 50% | 0% |
| Pop Culture | 2 | 10.00 | 100% | 0% | 0% |
| Religion | 4 | 12.50 | 75% | 50% | 0% |
| Science - Biology | 7 | 10.00 | 86% | 14% | 0% |
| Science - Chemistry | 3 | 16.67 | 100% | 67% | 0% |
| Science - Other Science | 6 | 18.33 | 100% | 83% | 0% |
| Science - Physics | 5 | 22.00 | 100% | 80% | 40% |
| Social Science | 7 | 11.43 | 100% | 14% | 0% |